| 000 | 02035nam2a2200265 4500 | ||
|---|---|---|---|
| 001 | RU\NLR\BIBL_A\021980122 | ||
| 005 | 20260407232251.0 | ||
| 035 | _a(NLR Aleph) 021980122 | ||
| 090 |
_a12395819 _c12395819 |
||
| 100 | _a20081111f19141918|||y0rusy50 ca | ||
| 101 | 0 | _arus | |
| 102 | _aRU | ||
| 105 | _ay z 000ay | ||
| 200 | 1 |
_aБесы _eроман в трёх частях _hч. 2 (оконч.) - 3 |
|
| 210 |
_d[между 1914 и 1918] _aБ. м. |
||
| 215 | _a[4], 464, [1] с. | ||
| 316 |
_aЭкз. РНБ: в пер. в обл. тёмно-крас. цв. с кожаными уголками и корешком; с золотым тиснением на обл. и корешке с истин. бинтами; загл. корешка: Сочинения Ф. М. Достоевского; на форзаце наклейка: Кн. магазин Т-ва М. О. Вольф, Петроград и Москва; приплетена 1 кн. _5NLR |
||
| 461 | 0 |
_1001v19\rc\2062914 _12001#$aПолное собрание сочинений Ф. М. Достоевского$eс многочисленными приложениями$vТ. 13 _1700#1$aДостоевский$bФ. М.$f1821-1881$gФедор Михайлович$3RU\NLR\AUTH\77838 _94786981 _aДостоевский, Ф. М. (1821-1881) _cПетроград _d[1914-1918] _nПросвещение _oс многочисленными приложениями _tПолное собрание сочинений Ф. М. Достоевского _vТ. 13 |
|
| 481 | 0 |
_1001RU\NLR\BIBL_A\021980129 _912395840 _cБ. м. _d[между 1914 и 1918] _hч. 1 - 2 (начало) _oроман в трёх частях _p[4], 413 с. _tПолное собрание сочинений Ф. М. Достоевского. - Подросток |
|
| 712 | 0 | 0 |
_4390 _aВольф, _cПетербург _gМ. О., _hкнижный магазин _9811440 _3RU\NLR\AUTH\8810158024 |
| 852 |
_aNLR _j64-3/223(13) |
||
| 942 | _cBOOK | ||
| 980 | _aNB | ||